| 000 | 01026nam a2200277 i 4500 | ||
|---|---|---|---|
| 001 | 110724 | ||
| 003 | ES-MaACL | ||
| 005 | 20240125164729.0 | ||
| 007 | t| | ||
| 008 | 070122s1988 sp ||||1| spa d | ||
| 020 | _a84-7046-440-X | ||
| 080 | _a165 | ||
| 100 | 1 |
_aRábade Romeo, Sergio. _994831 |
|
| 245 | 1 | 0 |
_aKant _b: conocimiento y racionalidad / _cSergio Rábade Romeo, Antonio M. López Molina, Encarnación Pesquero Franco ; prólogo de Sergio Rábade. |
| 260 |
_aMadrid : _bCincel, _c1988. |
||
| 300 |
_a2 v. ; _c19 cm. |
||
| 490 | 1 |
_aHistoria de la filosofía ; _v15 |
|
| 505 | 8 | _av. 1. El uso teórico de la razón. v. 2. El uso práctico de la razón | |
| 600 | 1 | 4 |
_aKant, Immanuel, _d1724-1804- _xCrítica e interpretación _967497 |
| 650 | 4 |
_aEpistemología. _912338 |
|
| 700 | 1 |
_aLópez Molina, Antonio Miguel. _973786 |
|
| 700 | 1 |
_aPesquero Franco, Encarnación. _991446 |
|
| 830 | 0 |
_aHistoria de la filosofía ; _v15 _9181726 |
|
| 852 |
_aES-MaACL _jL-15581-2 |
||
| 999 |
_c110724 _d110724 |
||